<?xml version="1.0" encoding="UTF-8"?>
<resp>
  <nextPage>https://data.bn.org.pl/api/networks/bibs.marcxml?marc=001+b1000002959563&amp;sinceId=1000002959564</nextPage>
  <collection>
    <record xmlns='http://www.loc.gov/MARC21/slim'><leader>01970naa a2200565 i 4500</leader><controlfield tag='001'>b1000002959563</controlfield><controlfield tag='005'>20241203220514.5</controlfield><controlfield tag='008'>230702s2022    pl           |000 0 pol c</controlfield><controlfield tag='009'>9913269802205606</controlfield><datafield ind1=' ' ind2=' ' tag='015'><subfield code='a'>BZCz 2023/31735</subfield></datafield><datafield ind1=' ' ind2=' ' tag='035'><subfield code='a'>(PL)b1000002959563</subfield></datafield><datafield ind1=' ' ind2=' ' tag='040'><subfield code='a'>WA N</subfield><subfield code='c'>WA N</subfield><subfield code='d'>WA N</subfield></datafield><datafield ind1='2' ind2=' ' tag='045'><subfield code='b'>d2001</subfield><subfield code='b'>d2022</subfield></datafield><datafield ind1=' ' ind2=' ' tag='046'><subfield code='k'>20XX</subfield><subfield code='2'>edtf</subfield></datafield><datafield ind1=' ' ind2=' ' tag='080'><subfield code='a'>821.162.1-1/-9(045/046)</subfield></datafield><datafield ind1='1' ind2=' ' tag='100'><subfield code='a'>Nowosielski, Kazimierz</subfield><subfield code='d'>(1948- )</subfield><subfield code='e'>Autor</subfield></datafield><datafield ind1='1' ind2='0' tag='245'><subfield code='a'>Naród ;</subfield><subfield code='b'>Koczownicy ; Postęp ; Ojczystość /</subfield><subfield code='c'>Kazimierz Nowosielski.</subfield></datafield><datafield ind1=' ' ind2=' ' tag='260'><subfield code='c'>2022.</subfield></datafield><datafield ind1=' ' ind2=' ' tag='336'><subfield code='a'>Tekst</subfield><subfield code='b'>txt</subfield><subfield code='2'>rdacontent</subfield></datafield><datafield ind1=' ' ind2=' ' tag='337'><subfield code='a'>Bez urządzenia pośredniczącego</subfield><subfield code='b'>n</subfield><subfield code='2'>rdamedia</subfield></datafield><datafield ind1=' ' ind2=' ' tag='338'><subfield code='a'>Wolumin</subfield><subfield code='b'>nc</subfield><subfield code='2'>rdacarrier</subfield></datafield><datafield ind1=' ' ind2=' ' tag='380'><subfield code='a'>Artykuły</subfield></datafield><datafield ind1=' ' ind2=' ' tag='380'><subfield code='a'>Poezja</subfield></datafield><datafield ind1=' ' ind2=' ' tag='386'><subfield code='m'>Przynależność kulturowa</subfield><subfield code='a'>Literatura polska</subfield></datafield><datafield ind1='1' ind2=' ' tag='388'><subfield code='a'>2001-</subfield></datafield><datafield ind1=' ' ind2='7' tag='655'><subfield code='a'>Artykuł z czasopisma społeczno-kulturalnego</subfield><subfield code='2'>DBN</subfield></datafield><datafield ind1=' ' ind2='7' tag='655'><subfield code='a'>Wiersze</subfield><subfield code='2'>DBN</subfield></datafield><datafield ind1='1' ind2='2' tag='700'><subfield code='a'>Nowosielski, Kazimierz</subfield><subfield code='d'>(1948- )</subfield><subfield code='t'>Koczownicy</subfield></datafield><datafield ind1='1' ind2='2' tag='700'><subfield code='a'>Nowosielski, Kazimierz</subfield><subfield code='d'>(1948- )</subfield><subfield code='e'>Autor.</subfield><subfield code='t'>Koczownicy</subfield></datafield><datafield ind1='1' ind2='2' tag='700'><subfield code='a'>Nowosielski, Kazimierz</subfield><subfield code='d'>(1948- )</subfield><subfield code='e'>Autor.</subfield><subfield code='t'>Postęp</subfield></datafield><datafield ind1='1' ind2='2' tag='700'><subfield code='a'>Nowosielski, Kazimierz</subfield><subfield code='d'>(1948- )</subfield><subfield code='e'>Autor.</subfield><subfield code='t'>Ojczystość</subfield></datafield><datafield ind1='0' ind2=' ' tag='773'><subfield code='i'>W:</subfield><subfield code='t'>Fronda Lux.</subfield><subfield code='x'>2391-5013</subfield><subfield code='g'>2022, nr 104/105, s. 212-215</subfield><subfield code='w'>(PL)b0000003172191</subfield></datafield><datafield ind1=' ' ind2=' ' tag='852'><subfield code='b'>48OMNIS_NLOP</subfield><subfield code='8'>991053077660605066</subfield></datafield><datafield ind1=' ' ind2=' ' tag='852'><subfield code='b'>48OMNIS_NETWORK</subfield><subfield code='8'>9913269802205606</subfield></datafield></record>
  </collection>
</resp>
